Naše řeč. Roč.41, č.1-10, 1958
| Format: | Book |
|---|---|
| Language: | Undetermined |
| Published: |
Praha
ČAV
1958
|
MARC
| LEADER | 00000nam a2200000 a 4500 | ||
|---|---|---|---|
| 001 | vtls001419945 | ||
| 003 | SK-MaSNL | ||
| 005 | 20260223132045.0 | ||
| 008 | 010907s1958 xx 0 und | ||
| 035 | |a SNK000374772 | ||
| 040 | |a SNK |b slo |c SNK |e AACR2 | ||
| 245 | 1 | |a Naše řeč. Roč.41, č.1-10, 1958 | |
| 260 | |a Praha |b ČAV |c 1958 | ||
| 999 | |c 554376 |d 556306 | ||
| 952 | |t P60, <06>, [BOOK], {606} |a SNK |b SNK |y PREZ |7 0 |p 17A0311662 |o snkČC 193/41/1958 |0 0 |1 1 |4 0 |d 2001-09-07 |l 0 |r 2005-01-02 00:00:00 |w 2026-02-23 | ||


